000 00524nam a2200193Ia 4500
005 20250508161621.0
008 008 250505s9999 xx 000 0 eng d
037 _aTextual
040 _aFEDL
_beng
_cFEDL
041 _aeng
_2eng
084 _a760, KAR
_qFEDL
100 _aKarch R Randolph
_9771064
245 0 _aGraphic arts procedures basic
250 _a4th
260 _aChicago, USA
_bAmerican Library Assoication
_c1970
300 _a409p.
942 _cTEXL
_h760, KAR
999 _c1371146
_d1371146